[Event "Bouches du Rhone-ch 0203"]
[Site "Provence"]
[Date "2002.12.14"]
[Round "4"]
[White "Heuze, Olivier"]
[Black "Parroco, Pierre Jean"]
[Result "0-1"]
[WhiteElo "1540"]
[BlackElo "1590"]
[PlyCount "118"]
[EventDate "2002.10.??"]
[EventType "swiss"]
[EventRounds "9"]
[EventCountry "FRA"]
[SourceTitle "EXT 2005"]
[Source "ChessBase"]
[SourceDate "2004.11.15"]
[SourceVersion "1"]
[SourceVersionDate "2004.11.15"]
[SourceQuality "1"]

1. e4 e6 2. d4 d5 3. Nc3 dxe4 4. Nxe4 Nd7 5. Nf3 Ngf6 6. Bd3 Be7 7. 0-0 0-0 8. Bf4 b6 9. Qd2 Bb7 10. Rfe1 c5 11. Neg5 h6 12. Ne4 cxd4 13. Bxh6 Nxe4 14. Bxe4 Bxe4 15. Rxe4 Bf6 16. Bg5 Nc5 17. Rxd4 Qe7 18. Bxf6 Qxf6 19. Rd1 Nb7 20. Qe3 Rad8 21. Ne5 Rxd4 22. Rxd4 Rd8 23. Rxd8+ Qxd8 24. h3 Qd1+ 25. Kh2 Qxc2 26. Qa3 Qc7 27. Qg3 f6 28. Ng4 Qxg3+ 29. Kxg3 Nc5 30. Ne3 b5 31. Nc2 Kf7 32. Kf3 Na4 33. b4 e5 34. a3 Ke6 35. Ke4 Nc3+ 36. Kd3 Nd5 37. g3 f5 38. Ne3 Nxe3 39. fxe3 Kd5 40. Kc3 Ke4 41. Kd2 Kf3 42. g4 fxg4 43. hxg4 Kxg4 44. Ke2 e4 45. Kf2 Kf5 46. Kg3 Kg5 47. Kh3 Kf5 48. Kh4 g6 49. Kh3 g5 50. Kg3 Kf6 51. Kh3 Kg7 52. Kg3 Kf7 53. Kg4 Kf6 54. Kg3 Kg6 55. Kg4 Kh6 56. Kf5 Kh5 57. Kxe4 g4 58. Kf4 Kh4 59. e4 g3 0-1